01699nam a2200373 i 4500003000900000005001700009007000300026008004100029020003200070020002800102040003000130082001400160100004200174245005600216250001900272250003800291264005800329300002900387336002700416337003400443338002800477490003000505490002100535500006800556520038800624590002701012650003501039650003401074700004501108910001401153942001401167952012701181999001701308DO-SdBNP20240904152509.0ta240904s1986 sp 000 j spa d a8401921002 (col. Gran Reno) a8401929040 (vol. 100/4) aDO-SdBNPbspacBNPHUerda bH355g2221 aHassel, Sven911765d1917-2012eautor10aGeneral SS /cSven Hassel ; traductor Domingo Pruna a18a. edición a2a. edición en esta colección 1aBarcelona, España :bPlaza & Janes editores,c1986. a247 páginas, c18 cm. 2rdacontentatextobtxt 2rdamediaasin mediación bn 2rdacarrieravolumenbnc1 aBiblioteca de Sven Hassel1 aGran Renov100/4 aIncluye datos biografícos del autor en la solapa de portada.  aEn el desastre de Stalingrado, los soldados alemanes derrotados están muertos de hambre y de frio. Sólo una brecha, abierta por un grupo de combatientes mandados por un general SS más humano que los otros, puede salvarlos de la tortura y de la muerte inevitable. Este aspecto de la batalla germano-rusa, poco conocido del gran público, halla aquí un escritor digno de él. aInventariado, 2024/ YL 4aInmigrantesvFicción.986524 4aMenonitas vFicción.986525 4trad.aPruna, Domingo etraductor914327 aYLockward 2ddccLBS1 00102ddc56708GRaBNPHUbBNPHUcCTd2016-06-17eDonación l0oBNPHU GR H355gp2024-5233r2024-09-04w2024-09-04yLBS1 c57631d57631